Statistics for Most Spoken Languages of India

Click here to take the quiz!

General Stats

  • This quiz has been taken 316 times
  • The average score is 8 of 10

Answer Stats

Language% Correct
Hindi
99%
Tamil
92%
Bengali
89%
Marathi
82%
Gujarati
79%
Telugu
78%
Urdu
74%
Malayalam
72%
Kannada
69%
Odia
33%

Score Distribution

Percentile by Number Answered

Percent of People with Each Score

Your Score History

You have not taken this quiz